Statistics for NHL Top 50 Goal Scorer of All Time

Click here to take the quiz!

General Stats

  • This quiz has been taken 26 times
  • The average score is 27 of 50

Answer Stats

GoalsAnswer% Correct
894Wayne Gretzky
100%
801Gordie Howe
94%
766Jaromir Jagr
88%
773Alex Ovechkin
82%
610Bobby Hull
82%
741Brett Hull
82%
601Jari Kurri
82%
731Marcel Dionne
82%
690Mario Lemieux
82%
694Mark Messier
82%
625Joe Sakic
76%
717Phil Esposito
76%
684Teemu Selanne
76%
544Maurice Richard
71%
708Mike Gartner
71%
656Brendan Shanahan
65%
498Glenn Anderson
65%
573Mike Bossy
65%
512Sidney Crosby
65%
692Steve Yzerman
65%
608Dino Ciccarelli
59%
668Luc Robitaille
59%
541Stan Mikita
59%
524Bryan Trottier
53%
625Jarome Iginla
53%
556Johnny Bucyk
53%
561Mike Modano
53%
640Dave Andreychuk
47%
560Guy Lafleur
47%
513Jeremy Roenick
47%
538Keith Tkachuk
47%
577Mark Recchi
47%
564Mats Sundin
47%
518Dale Hawerchuk
41%
566Patrick Marleau
41%
533Frank Mahovlich
35%
512Gilbert Perreault
35%
507Jean Beliveau
35%
525Marian Hossa
35%
548Michel Goulet
35%
549Ron Francis
35%
491Jean Ratelle
29%
564Joe Nieuwendyk
29%
490Norm Ullman
29%
503Peter Bondra
29%
515Pierre Turgeon
29%
485Brian Bellows
24%
502Joe Mullen
18%
500Larry McDonald
18%
522Pat Verbeek
18%

Score Distribution

Percentile by Number Answered

Percent of People with Each Score

Your Score History

You have not taken this quiz